[Event "Hessenliga 1819"]
[Site "Hessen"]
[Date "2019.05.12"]
[Round "9.7"]
[White "Hohlbein, Jens"]
[Black "Warnecke, Tobias"]
[Result "0-1"]
[WhiteElo "1987"]
[BlackElo "2151"]
[PlyCount "52"]
[EventDate "2018.09.23"]
[EventType "team-tourn"]
[EventRounds "9"]
[EventCountry "GER"]
[SourceTitle "EXT 2020"]
[Source "ChessBase"]
[SourceDate "2019.10.17"]
[SourceVersion "1"]
[SourceVersionDate "2019.10.17"]
[SourceQuality "1"]
[WhiteTeam "Kassel"]
[BlackTeam "Bad Emstal/Wolfhagen"]
[WhiteTeamCountry "GER"]
[BlackTeamCountry "GER"]

1. d4 Nf6 2. c4 c5 3. e3 g6 4. Nc3 Bg7 5. Nf3 a6 6. Be2 0-0 7. 0-0 d6 8. b3 Qc7 9. Bb2 Nbd7 10. Qc2 b6 11. Rad1 Bb7 12. d5 b5 13. cxb5 axb5 14. Bxb5 Qa5 15. Rfe1 Rfc8 16. e4 Nb6 17. Nd2 Nfd7 18. a4 Ne5 19. Nc4 Nexc4 20. bxc4 Ba6 21. Qb3 Qb4 22. Qc2 Nxc4 23. Ba1 Na3 24. Qd3 c4 25. Qe3 Nc2 26. Na2 Qxe1+ 0-1

[Event "Pfalz op 03rd"]
[Site "Neustadt an der Weinstrasse"]
[Date "2012.03.03"]
[Round "6"]
[White "Kaufeld, Juergen"]
[Black "Warnecke, Tobias"]
[Result "1-0"]
[WhiteElo "2270"]
[BlackElo "2089"]
[PlyCount "57"]
[EventDate "2012.02.17"]
[EventType "swiss"]
[EventRounds "9"]
[EventCountry "GER"]
[SourceTitle "EXT 2013"]
[Source "ChessBase"]
[SourceDate "2012.11.22"]
[SourceVersion "1"]
[SourceVersionDate "2012.11.22"]
[SourceQuality "1"]

1. e4 c5 2. Nf3 Nc6 3. Bb5 g6 4. 0-0 Bg7 5. Re1 Nf6 6. e5 Nd5 7. Nc3 Nc7 8. Bxc6 dxc6 9. Ne4 Ne6 10. d3 Qc7 11. Ng3 h5 12. h3 Bd7 13. a3 g5 14. Nxg5 Nxg5 15. Bxg5 Bxe5 16. Qe2 f6 17. Bf4 h4 18. Bxe5 fxe5 19. Ne4 0-0-0 20. Nxc5 Rhg8 21. Qe3 Rg6 22. Kh1 Rdg8 23. Rg1 Bf5 24. Rae1 e6 25. Ne4 b6 26. c4 Qd7 27. c5 Qd4 28. Nd6+ Kd7 29. Nf7 1-0

[Event "Hessenliga 1011"]
[Site "Germany"]
[Date "2010.11.28"]
[Round "3.7"]
[White "Warnecke, Tobias"]
[Black "Neu, Peter"]
[Result "1-0"]
[WhiteElo "2079"]
[BlackElo "2116"]
[PlyCount "71"]
[EventDate "2010.09.26"]
[EventType "team-tourn"]
[EventRounds "9"]
[EventCountry "GER"]
[SourceTitle "EXT 2012"]
[Source "ChessBase"]
[SourceDate "2011.11.24"]
[SourceVersion "1"]
[SourceVersionDate "2011.11.24"]
[SourceQuality "1"]
[WhiteTeam "Kassel"]
[BlackTeam "Frankfurt BvK II"]
[WhiteTeamCountry "GER"]
[BlackTeamCountry "GER"]

1. e4 d6 2. d4 Nf6 3. Nc3 e5 4. Nf3 Nbd7 5. Bc4 Be7 6. 0-0 0-0 7. Qe2 c6 8. a4 b6 9. Rd1 Qc7 10. b3 h6 11. Bb2 Re8 12. Nh4 Nf8 13. dxe5 dxe5 14. h3 Ne6 15. Nf5 Bf8 16. Qe3 Nf4 17. Ne2 Be6 18. Bxe6 Rxe6 19. Ba3 Bxa3 20. Rxa3 Rd8 21. Raa1 Ree8 22. Rxd8 Rxd8 23. Nxf4 exf4 24. Qc3 Kh7 25. Re1 Re8 26. f3 c5 27. Nd4 c4 28. a5 Re5 29. axb6 axb6 30. bxc4 Rc5 31. Qd3 g6 32. Nb5 Qc6 33. e5 Ne8 34. Nd4 Qc7 35. e6 f5 36. Nb5 1-0

[Event "Hessenliga 0910"]
[Site "Germany"]
[Date "2010.01.31"]
[Round "6.7"]
[White "Warnecke, Tobias"]
[Black "Debus, Alfred"]
[Result "0-1"]
[WhiteElo "2072"]
[BlackElo "2180"]
[PlyCount "64"]
[EventDate "2009.09.20"]
[EventType "team-tourn"]
[EventRounds "9"]
[EventCountry "GER"]
[SourceTitle "EXT 2011"]
[Source "ChessBase"]
[SourceDate "2010.11.26"]
[SourceVersion "1"]
[SourceVersionDate "2010.11.26"]
[SourceQuality "1"]
[WhiteTeam "Kassel"]
[BlackTeam "Marburg"]
[WhiteTeamCountry "GER"]
[BlackTeamCountry "GER"]

1. e4 d5 2. exd5 Qxd5 3. Nc3 Qa5 4. d4 Nf6 5. Bd2 c6 6. Bc4 Qb6 7. Nf3 Qxb2 8. Bxf7+ Kxf7 9. Ne5+ Kg8 10. Nc4 Qb4 11. Qe2 b5 12. Ne5 Qd6 13. g4 h6 14. Qd3 Nbd7 15. f4 Nxe5 16. fxe5 Qe6 17. Ne2 Nd5 18. Rg1 g6 19. Ng3 Bg7 20. Ne4 Bxe5 21. Nc5 Bg3+ 22. Kd1 Qxg4+ 23. Kc1 Bf5 24. Qf1 Qxd4 25. Nb3 Qf2 26. hxg3 Qxf1+ 27. Rxf1 h5 28. Nd4 Bd7 29. a4 b4 30. Re1 Rh7 31. Ne6 Rc8 32. Be3 Bxe6 0-1

[Event "Staufer op 21st"]
[Site "Schwaebisch Gmuend"]
[Date "2009.01.03"]
[Round "3"]
[White "Paci, Cedric"]
[Black "Warnecke, Tobias"]
[Result "1-0"]
[WhiteElo "2300"]
[BlackElo "2032"]
[PlyCount "45"]
[EventDate "2009.01.02"]
[EventType "swiss"]
[EventRounds "9"]
[EventCountry "GER"]
[SourceTitle "CBM 128 Extra"]
[Source "ChessBase"]
[SourceDate "2009.03.05"]
[SourceVersion "2"]
[SourceVersionDate "2009.03.25"]
[SourceQuality "1"]

1. Nf3 Nf6 2. c4 c5 3. Nc3 b6 4. g3 Bb7 5. Bg2 d6 6. 0-0 Nbd7 7. Re1 e6 8. e4 h6 9. d4 cxd4 10. Nxd4 Qc7 11. Be3 Be7 12. Rc1 0-0 13. f4 Rfe8 14. b3 Rac8 15. g4 Nc5 16. Bf2 d5 17. exd5 exd5 18. Nxd5 Nxd5 19. cxd5 Qxf4 20. Bg3 Qf6 21. b4 Nd7 22. Rxc8 Rxc8 23. d6 1-0

[Event "Bad Zwesten op 9th"]
[Site "Bad Zwesten"]
[Date "2005.01.08"]
[Round "9"]
[White "Warnecke, Tobias"]
[Black "Just, Joachim"]
[Result "1/2-1/2"]
[WhiteElo "1756"]
[BlackElo "2159"]
[PlyCount "79"]
[EventDate "2005.01.02"]
[EventType "swiss"]
[EventRounds "9"]
[EventCountry "GER"]
[SourceTitle "CBM 104 Extra"]
[Source "ChessBase"]
[SourceDate "2005.03.01"]
[SourceVersion "1"]
[SourceVersionDate "2005.03.01"]
[SourceQuality "1"]

1. e4 e6 2. Nf3 d5 3. Nc3 Nf6 4. e5 Nfd7 5. d4 c5 6. dxc5 Nc6 7. Bf4 Bxc5 8. Bd3 a6 9. 0-0 Qc7 10. Qe2 Nd4 11. Qd1 Nxf3+ 12. Qxf3 Bd4 13. Rae1 b5 14. Qg3 Bb7 15. Qxg7 0-0-0 16. Bg3 h5 17. Bh4 Rde8 18. Bxb5 Bxc3 19. Bxd7+ Qxd7 20. bxc3 Rhg8 21. Qh6 Qa4 22. Bg3 Rh8 23. Qf4 Qc6 24. Qd4 Reg8 25. h4 Rg4 26. Bf4 Rhg8 27. g3 Rxf4 28. Qxf4 d4 29. f3 Rg4 30. Qxf7 Qxc3 31. Qxe6+ Kb8 32. Qd6+ Ka7 33. Rb1 Rxg3+ 34. Kh2 Rg7 35. Qb6+ Kb8 36. Qd8+ Ka7 37. Qb6+ Ka8 38. Rf2 Qe3 39. Qd8+ Ka7 40. Qb6+ 1/2-1/2